Επιχειρησιακή στρατηγική και πολιτική στην επιχείρηση "Αφοί Δίτσιου Α.Ε." : εργασία

Αποθηκεύτηκε σε:
Λεπτομέρειες βιβλιογραφικής εγγραφής
Κύριος συγγραφέας: Καπράλου, Βάσω
Συγγραφή απο Οργανισμό/Αρχή: Πανεπιστήμιο Αιγαίου. Σχολή Επιστημών της Διοίκησης. Τμήμα Διοίκησης Επιχειρήσεων
Άλλοι συγγραφείς: Ρίζου, Αθηνά
Μορφή: Thesis Βιβλίο
Γλώσσα:Greek
Δημοσίευση: Χίος : Πανεπιστήμιο Αιγαίου, Τμήμα Διοίκησης Επιχειρήσεων, 1995.
Θέματα:
Ετικέτες: Προσθήκη ετικέτας
Δεν υπάρχουν, Καταχωρήστε ετικέτα πρώτοι!

MARC

LEADER 00000cam a2200000 i 4500
001 1/101315
008 000210s gre d
035 |l 10057637 
040 |a GR-MY-UA  |b gre  |e aacr 
041 0 |a gre 
082 0 |a 658.4012  |2 (22) 
100 1 |a Καπράλου, Βάσω. 
245 1 0 |a Επιχειρησιακή στρατηγική και πολιτική στην επιχείρηση "Αφοί Δίτσιου Α.Ε." :   |b εργασία /   |c Καπράλου Βάσω, Ρίζου Αθηνά ; επιβλέπων καθηγητής: Ν. Λίτινας.  
260 |a Χίος :   |b Πανεπιστήμιο Αιγαίου, Τμήμα Διοίκησης Επιχειρήσεων,   |c 1995.  
300 |a 85 σ. ;   |c 30 εκ.  
500 |a Εργασία στα πλαίσια του μαθήματος "Επιχειρησιακή στρατηγική και πολιτική".  
502 |a Εργασία - Πανεπιστήμιο Αιγαίου, Τμήμα Διοίκησης Επιχειρήσεων, 1995.  
610 2 0 |a Πανεπιστήμιο Αιγαίου. 
650 0 0 |a Strategic planning  |v Case studies. 
650 0 0 |a Business planning  |x Case studies. 
650 0 0 |a Business enterprises  |x Case studies. 
700 1 |a Ρίζου, Αθηνά. 
700 1 |a Λίτινας, Νικόλαος Αντ.  |e dgs 
710 2 |a Πανεπιστήμιο Αιγαίου.   |b Σχολή Επιστημών της Διοίκησης.   |b Τμήμα Διοίκησης Επιχειρήσεων. 
852 |a INST  |b CHIOS  |c PERG  |e 20000210  |h 658.4012 ΚΑΠ  |p 005200018971  |q 005200018971  |t PERG  |y 23 
901 |a BIBL2-2000-1 
909 |a Χ  |b 074310 
924 |a ΚΑΠΡΑΛΟΥ  |b ΒΑΣΩ  |y ΧΙΟΣ  |z 2000-02 
924 |a Ρίζου  |b Αθηνά  |y Χίος  |z 2000-02 
970 |a ΠΟΥΛΑΚΗ  |b ΣΤΕΛΛΑ  |z 2000/02/10